000 00372nam a2200121Ia 4500
008 250110s9999 xx 000 0 und d
041 _aeng
100 _aKulkarni Priyanka
245 _aUnderstanding Opportunities And Challenges In Chalkewadi Plateau At Satara
260 _bM.Arch Environmental, Pune
_c2014
300 _a78p
700 _aGuide Name:Nawale Rahul
_9210337
999 _c363529
_d363529